000 00695nam a2200229Ia 4500
005 20260123205430.0
008 170106s1994||||xx |||||||||||||| ||und||
020 _a9780817637231 (pbk)
041 _aeng
082 _a530.1553353
_bBET
100 _aBethuel, Fabrice
245 0 _aGinzburg-Landau vortices
260 _aNew York
_bSpringer Science + Business Media
_c1994
300 _axxvii, 158p. ; 28cm.
440 _aProgress in nonlinear differential equations and their applications ; v. 13
653 _aMathematical physics
653 _aCondensed matter physics
653 _aSuperconductivity
700 _aBrezis, Haim
700 _aHelein, Frederic
942 _cBK
_2ddc
999 _c27282
_d27282